Obálka Náhled e-knihy:
PDF Epub
Pro půjčování e-knih musíte být přihlášeni.
Jak si půjčit online?

S láskou z parku /

Romance o lásce i o běhání z úspěšné série anglické autorky.

Uloženo v:
Série:S láskou z..., část 8
Hlavní autor: Wake, Jules (Autor)
Další autoři: Krasula, Klára, 1983- (Autor)
Médium: E-kniha
Jazyk:Czech
Vydáno: V Praze : Motto, 2024
Vydání:1. vydání
Témata:
Příbuzné jednotky:Z cyklu:: S láskou z...
Tagy:
Žádné tagy
LEADER 02695nam a2200493 i 4500
001 312522
003 CZ PrSKC
005 20260601215724.0
007 ta
008 241009s2024 xr g 000 f cze
015 |a cnb003636661 
020 |a 9788026727217  |q (brožováno) :  |c Kč 449,00 
035 |a (OCoLC)1477947448 
040 |a ABG001  |b cze  |e rda 
041 1 |a cze  |h eng 
072 7 |a 821.111-3  |x Anglická próza, anglicky psaná  |2 Konspekt 
080 |a 821.111-31  |2 MRF 
080 |a (0:82-312.5)  |2 MRF 
080 |a (0:82-31)-055.2  |2 MRF 
100 1 |a Wake, Jules  |7 xx0236526  |4 aut 
240 1 0 |a Saturday morning park run.  |l Česky 
245 1 0 |a S láskou z parku /  |c Jules Wake ; přeložila Klára Krasula 
250 |a 1. vydání 
264 1 |a V Praze :  |b Motto,  |c 2024 
300 |a 377 stran ;  |c 20 cm 
336 |a text  |b txt  |2 rdacontent 
337 |a bez média  |b n  |2 rdamedia 
338 |a svazek  |b nc  |2 rdacarrier 
500 |a Přeloženo z angličtiny 
520 2 |a Romance o lásce i o běhání z úspěšné série anglické autorky.  |b Claire se naplno věnuje práci a její soukromý život jde stranou. Podobně je na tom i Ashwin, který se s ní doslova srazí, čímž se jejich cesty protnou. To, co vypadá nadějně, ale nemá dlouhé trvání. Claire má syndrom vyhoření, musí se postarat o své dvě neteře a do toho ji Ash začne bez vysvětlení ignorovat. Útěchu najde až v parku, kde pozná všetečnou seniorku Hildu. Ta ji přivede k běhání a oklikou i zpátky k Ashwinovi. Ale společný cíl je ještě daleko. V tomto závodě není důležité doběhnout jako první, ale vzájemně si fandit. Každý krok správným směrem může vést k vítězství. Nakladatelská anotace. 
655 7 |a anglické romány  |7 fd131814  |2 czenas 
655 7 |a milostné romány  |7 fd132840  |2 czenas 
655 7 |a romány pro ženy  |7 fd187897  |2 czenas 
655 9 |a English fiction  |2 eczenas 
655 9 |a love novels  |2 eczenas 
655 9 |a women's novels  |2 eczenas 
700 1 |a Krasula, Klára,  |d 1983-  |7 jo20211114952  |4 trl 
787 0 8 |i Z cyklu:  |t S láskou z...  |g 8  |w (CZ-CtDS)051adb19-52bb-57c1-adcc-97754457899a 
900 |a ABA001  |b 21 
928 9 |a Albatros Media - Motto 
044 |a xr 
910 |a RBIT002 
998 |d 414547  |a https://core.palmknihy.cz/api/books/414547/cover?skjssj  |b https://core.palmknihy.cz/api/books/414547/cover/400?skjssj  |c https://core.palmknihy.cz/api/books/414547/cover/50?skjssj  |e 2031-01-08  |g 384  |i 9788026727217  |j https://core.palmknihy.cz/api/books/414547/preview.epub  |k https://core.palmknihy.cz/api/books/414547/preview.pdf  |l   |q 49  |r 1  |s https://www.palmknihy.cz/kniha/414547  |t ebook  |y 2024  |z 0  |v S láskou  |w 8 
999 |d 312520